Top 10 Wheat Producing Countries - Statistics

General Stats
  • This quiz has been taken 51 times
  • The average score is 10 of 10
Answer Stats
Rank Country Continent Total Yield(tonnes) % of total % Correct
9 Australia Oceania 456 M 3.2%
100%
6 Canada N. America 571 M 4.0%
100%
1 China Asia 2.4 B 17.0%
100%
2 India Asia 1.8 B 12.5%
100%
7 Germany Europe 491 M 3.5%
98%
4 Russia Asia/Europe 1.2 B 8.4%
98%
4 United States N. America 1.2 B 8.4%
98%
5 France Europe 767 M 5.4%
96%
10 Ukraine Europe 433 M 3.1%
96%
8 Pakistan Asia 482M 3.4%
87%
No matching quizzes found
Score Distribution
Percent of People with Each Score
Percentile by Number Answered
Your Score History
You have not taken this quiz